[Event "Championnat de France des Jeunes - Cadet"]
[Site "MONTLUCON"]
[Date "2011.04.21"]
[Round "6.7"]
[White "Pluyaud, Benoit"]
[Black "Mouhamad, Joachin"]
[Result "0-1"]
[WhiteElo "2007"]
[BlackElo "2113"]
[Annotator "Rivier,Sylvain"]
[PlyCount "71"]

1. d4 Nf6 2. Nf3 g6 3. c4 c5 4. Nc3 Bg7 5. e4 cxd4 6. Nxd4 d6 7. Be2 a6 8. O-O
O-O 9. Be3 Qc7 10. Rc1 Nbd7 11. b3 b6 12. Nd5 Nxd5 13. exd5 Bb7 14. Re1 Rae8
15. Qd2 Nc5 16. Bh6 e5 17. dxe6 fxe6 18. Bf3 Bxh6 19. Qxh6 Bxf3 20. Nxf3 Nd3
21. Ng5 Nxe1 22. Rxe1 Qg7 23. Qh3 Rf5 24. Qg3 Re5 25. Rd1 d5 26. Nf3 Re4 27.
cxd5 exd5 28. h3 d4 29. Qg5 Qd7 30. Qc1 b5 31. Qc5 d3 32. Qc3 Rd8 33. Ne5 Qd4
34. Qxd4 Rexd4 35. Nf3 R4d5 36. Kf1 {suite illisible} 0-1

[Event "Championnat de France des Jeunes - Cadet"]
[Site "MONTLUCON"]
[Date "2011.04.21"]
[Round "6.8"]
[White "Verwee, Johann"]
[Black "Pilte, Nicolas"]
[Result "0-1"]
[WhiteElo "1672"]
[BlackElo "2100"]
[PlyCount "58"]

1. e4 e5 2. Nf3 Nc6 3. Bb5 f5 4. d4 fxe4 5. Bxc6 dxc6 6. Nxe5 Qh4 7. c3 Nf6 8.
h3 Nd5 9. Qe2 Bd6 10. Be3 O-O 11. Nd2 Bxe5 12. dxe5 Bg4 13. Qc4 Bf5 14. O-O-O
Rae8 15. g3 Qe7 16. Bc5 Qxe5 17. Bxf8 Rxf8 18. Rhe1 Re8 19. Nf3 Qf6 20. Nd2 b5
21. Qd4 Qxd4 22. cxd4 Nb4 23. Re3 Nxa2+ 24. Kb1 Nb4 25. g4 Bg6 26. f4 exf3+ 27.
Ne4 Rxe4 28. Rxe4 Bxe4+ 29. Kc1 f2 0-1

[Event "Championnat de France des Jeunes - Cadet"]
[Site "MONTLUCON"]
[Date "2011.04.21"]
[Round "6.9"]
[White "Muller, Anthony"]
[Black "Naudion, Gregoire"]
[Result "1/2-1/2"]
[WhiteElo "1882"]
[BlackElo "2053"]
[PlyCount "133"]

1. d4 g6 2. Nf3 Bg7 3. Bf4 Nf6 4. e3 d6 5. h3 O-O 6. Be2 Nbd7 7. O-O Re8 8. c3
c6 9. a4 a5 10. Na3 Nd5 11. Bh2 e5 12. Nc4 Qc7 13. dxe5 dxe5 14. e4 Nf4 15.
Bxf4 exf4 16. Nd6 Re6 17. Nxc8 Rxc8 18. Bc4 Re7 19. Qc2 h6 20. Nd4 Rce8 21. f3
Qb6 22. Rad1 Ne5 23. Ba2 Rd8 24. Rd2 c5 25. Nb5 Rxd2 26. Qxd2 c4+ 27. Qf2 Qd8
28. Qc5 b6 29. Qf2 Rd7 30. Nd4 Nd3 31. Qc2 Bxd4+ 32. cxd4 Rxd4 33. Bxc4 Nb4 34.
Qb3 Qc7 35. Rc1 Rd3 36. Bxd3 Qxc1+ 37. Kh2 Qe3 38. Bc4 Qxb3 39. Bxb3 Nd3 40. g3
g5 41. h4 Kg7 42. hxg5 hxg5 43. gxf4 gxf4 44. Kh3 Kf6 45. Kg4 Ke5 46. Bxf7 Nxb2
47. Be8 Nd1 48. Bb5 Nc3 49. Be8 Ne2 50. Bb5 Nd4 51. Bd7 Nb3 52. Bb5 Nc5 53. Be8
Ne6 54. Bd7 Nc7 55. Bc6 Na6 56. Bb5 Nc7 57. Bc6 Ne6 58. Bd7 Nd4 59. Be8 Nc2 60.
Bd7 Ne3+ 61. Kg5 Nf1 62. Bb5 Ne3 63. Bd7 Nc2 64. Kg4 Nd4 65. Be8 Nb3 66. Bb5
Nd2 67. Ba6 1/2-1/2

[Event "Championnat de France des Jeunes - Cadet"]
[Site "MONTLUCON"]
[Date "2011.04.21"]
[Round "6.10"]
[White "Brunier, Jules"]
[Black "Sanvoisin, Corentin"]
[Result "1-0"]
[WhiteElo "2034"]
[BlackElo "1947"]
[PlyCount "53"]

1. e4 c5 2. Nf3 d6 3. d4 cxd4 4. Nxd4 Nf6 5. Nc3 a6 6. Be2 e6 7. O-O Be7 8. f4
Qc7 9. Kh1 Nc6 10. Be3 Bd7 11. Nb3 Na5 12. e5 Nxb3 13. exf6 Nxa1 14. fxe7 Bc6
15. Qxa1 Qxe7 16. a4 b6 17. Qe1 Qb7 18. Qg3 O-O-O 19. b4 Qc7 20. Bxa6+ Kb8 21.
Qf2 Rd7 22. Nb5 Qd8 23. Bxb6 Qf6 24. Nd4 Ba8 25. b5 Bb7 26. Nc6+ Ka8 27. Bd8
1-0

[Event "Championnat de France des Jeunes - Cadet"]
[Site "MONTLUCON"]
[Date "2011.04.22"]
[Round "7.1"]
[White "Lagarde, Maxime"]
[Black "Di Nicolantonio, Lucas"]
[Result "0-1"]
[WhiteElo "2441"]
[BlackElo "2273"]
[PlyCount "121"]

1. e4 c5 2. Nf3 e6 3. d4 cxd4 4. Nxd4 a6 5. Bd3 Bc5 6. Nb3 Ba7 7. Qe2 Nc6 8.
N1d2 d6 9. Nc4 b5 10. Ne3 Nf6 11. a4 bxa4 12. Rxa4 O-O 13. O-O Ne5 14. Na5 Bd7
15. Ra1 Bb6 16. Nec4 Nxd3 17. cxd3 Bxa5 18. Nxa5 h6 19. Bd2 Bb5 20. Bc3 e5 21.
Nc4 Re8 22. Na3 d5 23. Nxb5 axb5 24. Rxa8 Qxa8 25. f4 dxe4 26. Bxe5 Nd7 27. d4
Qd5 28. Qe3 Rc8 29. Qa3 f6 30. Qd6 Qxd6 31. Bxd6 Rc2 32. f5 Rd2 33. Bf4 Rxd4
34. Rc1 Rd5 35. Kf2 Nc5 36. Ke3 Rxf5 37. Bd6 Ne6 38. Bg3 Rd5 39. Kxe4 Rd2 40.
b4 Rd4+ 41. Ke3 Rxb4 42. Rc6 Kf7 43. Rb6 f5 44. Bd6 Rb3+ 45. Kf2 Kf6 46. g3 g5
47. h4 g4 48. Bf4 h5 49. Bd6 Nd4 50. Bf4+ Ne6 51. Bd6 Rd3 52. Bf4 Rf3+ 53. Kg2
Rb3 54. Bd6 Rb2+ 55. Kf1 f4 56. Bxf4 Kf5 57. Bd6 Nd4 58. Bc5 Ke4 59. Rf6 Nf5
60. Bf2 b4 61. Kg2 0-1

[Event "Championnat de France des Jeunes - Cadet"]
[Site "MONTLUCON"]
[Date "2011.04.22"]
[Round "7.2"]
[White "Youssoupov, Moisse"]
[Black "Song, Julien"]
[Result "1/2-1/2"]
[WhiteElo "2146"]
[BlackElo "2368"]
[PlyCount "123"]

1. d4 c5 2. d5 Nf6 3. c4 b5 4. cxb5 a6 5. bxa6 Bxa6 6. Nc3 g6 7. g3 d6 8. Bg2
Bg7 9. Nf3 Nbd7 10. h3 O-O 11. O-O Qa5 12. Re1 Nb6 13. Nd2 c4 14. e4 Nfd7 15.
Nf3 Nc5 16. Nd4 Bb7 17. Bf1 Nbd7 18. Bg5 Rfe8 19. Ncb5 Ne5 20. Bd2 Qb6 21. Bc3
Ned3 22. Bxd3 Nxd3 23. Re2 e5 24. dxe6 fxe6 25. a4 e5 26. Nc2 d5 27. exd5 Bxd5
28. Ne3 Bb7 29. Qf1 Qc6 30. Kh2 Rf8 31. Rc2 Rf7 32. Be1 Nxe1 33. Qxe1 Raf8 34.
Rd1 Bh6 35. Nd5 Qc5 36. Ne3 Bxe3 37. fxe3 Qc6 38. Qe2 Qe4 39. Rcd2 Qf3 40. Nd6
Qxe2+ 41. Rxe2 Rf2+ 42. Rxf2 Rxf2+ 43. Kg1 Rxb2 44. Nxb7 Rxb7 45. Rc1 Rc7 46.
a5 Kf7 47. a6 Ke6 48. a7 Rxa7 49. Rxc4 Kd5 50. Rb4 Kc5 51. Rh4 Kd5 52. Rb4 Ra2
53. Kf1 Rh2 54. h4 Ra2 55. h5 gxh5 56. Rh4 e4 57. Rxh5+ Kc4 58. Rxh7 Kd3 59.
Rd7+ Kxe3 60. g4 Kf3 61. Rf7+ Kxg4 62. Ke1 1/2-1/2

[Event "Championnat de France des Jeunes - Cadet"]
[Site "MONTLUCON"]
[Date "2011.04.22"]
[Round "7.3"]
[White "Sochacki, Christophe"]
[Black "Duboue, Peio"]
[Result "1/2-1/2"]
[WhiteElo "2366"]
[BlackElo "2094"]
[PlyCount "89"]

1. e4 e5 2. Nf3 Nc6 3. d4 exd4 4. Nxd4 Nf6 5. Nxc6 bxc6 6. e5 Qe7 7. Qe2 Nd5 8.
c4 Ba6 9. b3 Qh4 10. a3 Bc5 11. g3 Bxf2+ 12. Qxf2 Qe4+ 13. Kd1 Qxh1 14. Nd2 f5
15. Kc2 f4 16. cxd5 Bxf1 17. Bb2 fxg3 18. hxg3 Rf8 19. Qxf8+ Kxf8 20. Rxf1+
Qxf1 21. Nxf1 cxd5 22. Ne3 c6 23. b4 g6 24. Bd4 Ke7 25. Bc5+ Ke6 26. Bd6 h5 27.
Kd3 g5 28. Nc2 h4 29. Nd4+ Kf7 30. g4 Rh8 31. e6+ dxe6 32. Nxc6 Ke8 33. b5 h3
34. Bh2 Kd7 35. a4 Kc8 36. Nxa7+ Kb7 37. Nc6 Kb6 38. Ne5 Ka5 39. Nf3 Kb6 40.
Bg1+ Ka5 41. Bh2 Kb6 42. Be5 Ra8 43. Nxg5 Rxa4 44. Nxh3 Rxg4 45. Nf4 1/2-1/2

[Event "Championnat de France des Jeunes - Cadet"]
[Site "MONTLUCON"]
[Date "2011.04.22"]
[Round "7.4"]
[White "Mouhamad, Joachin"]
[Black "Brunier, Jules"]
[Result "1-0"]
[WhiteElo "2113"]
[BlackElo "2034"]
[Annotator "Rivier,Sylvain"]
[PlyCount "49"]

1. d4 d5 2. e3 Nf6 3. Bd3 c6 4. Nf3 Bg4 5. b3 e6 6. Bb2 Bd6 7. Nbd2 O-O 8. c4
Nbd7 9. Qb1 Qb8 10. h3 Bh5 11. g4 Bg6 12. Bxg6 fxg6 13. Qd3 e5 14. dxe5 Nxe5
15. Qe2 Nxf3+ 16. Nxf3 Bb4+ 17. Kf1 Ne4 18. Kg2 Qd6 19. Rhf1 Rf7 20. Ne5 Re7
21. f4 Bc3 22. Rad1 h5 23. Rd3 Rxe5 24. fxe5 Qxe5 25. Bxc3 {suite illisible}
1-0

[Event "Championnat de France des Jeunes - Cadet"]
[Site "MONTLUCON"]
[Date "2011.04.22"]
[Round "7.5"]
[White "Meley, Hector"]
[Black "Pilte, Nicolas"]
[Result "1/2-1/2"]
[WhiteElo "2008"]
[BlackElo "2100"]
[PlyCount "99"]

1. d4 Nf6 2. c4 g6 3. Nc3 Bg7 4. e4 d6 5. f3 O-O 6. Be3 c5 7. d5 e6 8. Qd2 exd5
9. cxd5 a6 10. a4 Nbd7 11. Nh3 Ne5 12. Nf2 Bd7 13. Be2 b5 14. axb5 axb5 15.
Rxa8 Qxa8 16. Nxb5 Bxb5 17. Bxb5 Rb8 18. Be2 Qa2 19. Nd1 Nc4 20. Bxc4 Qxc4 21.
Qe2 Qb3 22. O-O Nd7 23. Rf2 Ne5 24. Qc2 Nc4 25. Rd2 Qxc2 26. Rxc2 Nxe3 27. Nxe3
Bd4 28. Kf2 Rb3 29. Re2 Bxe3+ 30. Rxe3 Rxb2+ 31. Kg3 Kg7 32. Ra3 Kf6 33. f4 g5
34. Ra6 Rb3+ 35. Kg4 h5+ 36. Kxh5 gxf4 37. Rxd6+ Ke5 38. Rc6 Rb2 39. Rxc5 Rxg2
40. d6+ Kxe4 41. d7 Rxh2+ 42. Kg4 Rg2+ 43. Kh4 Rd2 44. Kg4 Rxd7 45. Rc4+ Ke5
46. Rxf4 f6 47. Rf5+ Ke6 48. Ra5 Rd4+ 49. Kf3 Rd5 50. Rxd5 1/2-1/2

[Event "Championnat de France des Jeunes - Cadet"]
[Site "MONTLUCON"]
[Date "2011.04.22"]
[Round "7.6"]
[White "Stepenko, Roman"]
[Black "Ollier, Milan"]
[Result "1/2-1/2"]
[WhiteElo "1929"]
[BlackElo "2138"]
[PlyCount "68"]

1. e4 c5 2. Nf3 Nc6 3. c3 Nf6 4. e5 Nd5 5. d4 cxd4 6. Bc4 Nb6 7. Bb3 d6 8. exd6
Qxd6 9. Nxd4 Nxd4 10. Qxd4 Qxd4 11. cxd4 Bf5 12. Nc3 e6 13. Bf4 Bb4 14. O-O Rc8
15. Rac1 O-O 16. a3 Bxc3 17. bxc3 Bd3 18. Rfe1 Bc4 19. Bd1 Rfd8 20. a4 Bd5 21.
Re3 Rc6 22. Rg3 Kh8 23. Be2 Nc4 24. Rb1 b6 25. h4 Rdc8 26. Rc1 a6 27. h5 f6 28.
Bf1 Ra8 29. Ra1 Na5 30. Be2 Nc4 31. Rc1 b5 32. Ra1 Rcc8 33. Bxc4 Bxc4 34. Bd6
Bb3 1/2-1/2

[Event "Championnat de France des Jeunes - Cadet"]
[Site "MONTLUCON"]
[Date "2011.04.22"]
[Round "7.7"]
[White "Durand, Victor"]
[Black "Chauvet, Vincent"]
[Result "1/2-1/2"]
[WhiteElo "2002"]
[BlackElo "2090"]
[PlyCount "63"]

1. e4 e5 2. Nf3 Nc6 3. Bb5 a6 4. Ba4 Nf6 5. Qe2 b5 6. Bb3 Bc5 7. d3 O-O 8. Bg5
h6 9. Bh4 g5 10. Bg3 d6 11. a3 Be6 12. Bxe6 fxe6 13. c3 Qe8 14. O-O Qg6 15. Qd2
Bb6 16. a4 Rab8 17. b4 Kh7 18. Na3 Rg8 19. Kh1 Ne7 20. axb5 axb5 21. Nxb5 Qh5
22. Qa2 Qf7 23. c4 Ng6 24. c5 Bxc5 25. Nxc7 Qxc7 26. bxc5 Qxc5 27. Qxe6 Nh5 28.
Ra6 Rb6 29. Ra7+ Rg7 30. Rxg7+ Nxg7 31. Qa2 Qc3 32. Qd2 1/2-1/2

[Event "Championnat de France des Jeunes - Cadet"]
[Site "MONTLUCON"]
[Date "2011.04.22"]
[Round "7.8"]
[White "Gelin, Baptiste"]
[Black "Ternault, Mathieu"]
[Result "0-1"]
[WhiteElo "1921"]
[BlackElo "2085"]
[PlyCount "98"]

1. e4 e6 2. d4 d5 3. Nc3 Nf6 4. e5 Nfd7 5. f4 c5 6. Nf3 Nc6 7. Be3 a6 8. Qd2 b5
9. a3 Bb7 10. Ne2 Qc7 11. Ng3 cxd4 12. Nxd4 g5 13. fxg5 Ncxe5 14. Be2 Bd6 15.
O-O Ng6 16. Bxb5 axb5 17. Nxb5 Qc6 18. Ne4 Bb8 19. Nd4 Qc7 20. Ng3 O-O 21. Nf3
Nde5 22. Nh5 Nc4 23. Nf6+ Kh8 24. Qd4 Nxe3 25. Qxe3 Ba7 26. Nd4 Rfc8 27. Kh1
Bxd4 28. Qxd4 Qe5 29. Qg4 Rc4 30. Qf3 Qxg5 31. Nxh7 Kxh7 32. Qxf7+ Kh6 33. Qxb7
Rxc2 34. Rg1 Rac8 35. Raf1 Rc1 36. Qb3 Nf4 37. Qf3 Rxf1 38. Rxf1 Rc2 39. g3 Ng6
40. Kg1 Rxb2 41. Re1 Qd2 42. Qe3+ Qxe3+ 43. Rxe3 e5 44. Rf3 Rc2 45. h4 e4 46.
Rf5 d4 47. h5 d3 48. Kf1 Rc1+ 49. Kf2 d2 0-1

[Event "Championnat de France des Jeunes - Cadet"]
[Site "MONTLUCON"]
[Date "2011.04.22"]
[Round "7.9"]
[White "Naudion, Gregoire"]
[Black "Tournier, Timothee"]
[Result "1/2-1/2"]
[WhiteElo "2053"]
[BlackElo "1937"]
[PlyCount "108"]

1. e4 e5 2. Nf3 Nc6 3. d4 exd4 4. Bc4 Nf6 5. e5 d5 6. Bb5 Ne4 7. Nxd4 Bd7 8.
Bxc6 bxc6 9. Be3 Qh4 10. O-O Be7 11. Nd2 c5 12. N4f3 Qg4 13. Nxe4 dxe4 14. Ng5
Qf5 15. Qd5 c6 16. Qxe4 h6 17. Qxf5 Bxf5 18. Nf3 O-O-O 19. c3 g5 20. Rfd1 Rde8
21. Nd2 Bc2 22. Rdc1 Bd3 23. Nb3 c4 24. Nc5 Bxc5 25. Bxc5 Kb7 26. b3 Rhg8 27.
Re1 Re6 28. bxc4 Rge8 29. Bd4 c5 30. Bxc5 Rxe5 31. Be3 Bxc4 32. Reb1+ Rb5 33.
Rxb5+ Bxb5 34. Rb1 Kc6 35. h3 Re4 36. Bxa7 Ra4 37. Bd4 Rxa2 38. Re1 Re2 39. Ra1
Re8 40. Ra5 Bd3 41. Bg7 Re6 42. h4 Rg6 43. Bf8 gxh4 44. Rh5 Be4 45. Rxh6 Rxh6
46. Bxh6 Kd5 47. Kh2 Kc4 48. Bg7 Bf5 49. f3 Bc8 50. Kg1 Bd7 51. Kf2 Kd3 52. Be5
Bc6 53. Bf6 Bd7 54. f4 h3 1/2-1/2

[Event "Championnat de France des Jeunes - Cadet"]
[Site "MONTLUCON"]
[Date "2011.04.22"]
[Round "7.10"]
[White "Muller, Anthony"]
[Black "Samoun, Florent"]
[Result "1/2-1/2"]
[WhiteElo "1882"]
[BlackElo "2192"]
[PlyCount "93"]

1. d4 b5 2. c3 e6 3. Qb3 a6 4. Nf3 c5 5. Bf4 Nf6 6. a4 Qa5 7. Nbd2 Bb7 8. Nc4
Qd8 9. Nd6+ Bxd6 10. Bxd6 c4 11. Qc2 Ne4 12. Ba3 d6 13. e3 Nd7 14. Be2 f5 15.
b3 Qc7 16. bxc4 bxc4 17. Rb1 Rb8 18. O-O O-O 19. Rb4 Bd5 20. Rfb1 Ndf6 21. Nd2
Nxd2 22. Qxd2 a5 23. R4b2 Ne4 24. Qc2 Rb3 25. Rxb3 cxb3 26. Qb2 Qxc3 27. Rc1
Qxb2 28. Bxb2 Rb8 29. Bb5 Kf7 30. f3 Nf6 31. Kf2 g5 32. Ba3 Rb6 33. Rc7+ Kg6
34. Ra7 Rb7 35. Rxb7 Bxb7 36. Bxd6 b2 37. Bd3 Bc6 38. Bc7 Ne4+ 39. Ke2 Nc3+ 40.
Kd2 b1=Q 41. Bxb1 Nxb1+ 42. Kc2 Na3+ 43. Kb3 Nb1 44. Bxa5 g4 45. Kb2 gxf3 46.
gxf3 Bxa4 47. Kxb1 1/2-1/2

[Event "Championnat de France des Jeunes - Cadet"]
[Site "MONTLUCON"]
[Date "2011.04.23"]
[Round "8.2"]
[White "Song, Julien"]
[Black "Lagarde, Maxime"]
[Result "0-1"]
[WhiteElo "2368"]
[BlackElo "2441"]
[PlyCount "114"]

1. d4 Nf6 2. Nf3 g6 3. g3 Bg7 4. Bg2 O-O 5. O-O d6 6. b3 c5 7. c4 Nc6 8. Bb2 d5
9. Nbd2 Re8 10. dxc5 d4 11. b4 e5 12. b5 Na5 13. Ng5 h6 14. Nge4 Nxe4 15. Bxe4
Bh3 16. Re1 Rc8 17. Qa4 Be6 18. Rec1 f5 19. Bg2 Rxc5 20. Nb3 b6 21. Nxc5 bxc5
22. Ba3 Bf8 23. Rc2 e4 24. Rd1 Qb6 25. Bc1 Nb7 26. Qb3 Na5 27. Qa4 Nb7 28. Qb3
Bf7 29. Bd2 g5 30. Rb1 Be7 31. a4 Bd8 32. a5 Qg6 33. Qa3 f4 34. e3 d3 35. Rcc1
f3 36. Bf1 Qf5 37. a6 Nd6 38. b6 Bxb6 39. Rxb6 axb6 40. a7 Qc8 41. Ra1 Nxc4 42.
a8=Q Qxa8 43. Qxa8 Rxa8 44. Rxa8+ Kh7 45. Bc1 g4 46. h3 h5 47. hxg4 hxg4 48.
Ra7 Kg6 49. Re7 Bd5 50. Rd7 Be6 51. Bxd3 exd3 52. Rxd3 Kf5 53. Kf1 Ne5 54. Rd6
Bc4+ 55. Ke1 Nd3+ 56. Kd2 Nxf2 57. Rxb6 Ne4+ 0-1

[Event "Championnat de France des Jeunes - Cadet"]
[Site "MONTLUCON"]
[Date "2011.04.23"]
[Round "8.3"]
[White "Pilte, Nicolas"]
[Black "Sochacki, Christophe"]
[Result "1-0"]
[WhiteElo "2100"]
[BlackElo "2366"]
[PlyCount "129"]

1. e4 e6 2. d4 d5 3. Nc3 Nf6 4. Bg5 Be7 5. e5 Nfd7 6. h4 O-O 7. Bd3 c5 8. Nh3
g6 9. Bh6 Re8 10. f4 Bxh4+ 11. g3 cxd4 12. gxh4 dxc3 13. Qg4 cxb2 14. Rb1 f5
15. Qg3 Kf7 16. Ng5+ Ke7 17. Nxh7 Qa5+ 18. Kf2 Qd2+ 19. Be2 Nc5 20. Qxg6 Ne4+
21. Kf1 Qe3 22. Bg5+ Kd7 23. Nf6+ Kc6 24. Nxe4 Qxe4 25. Qxe8+ Bd7 26. Qf8 Qxh1+
27. Kf2 Qh2+ 28. Kf1 Qh1+ 29. Kf2 Qh2+ 30. Ke1 b6 31. Qd6+ Kb7 32. Bd8 Qg1+ 33.
Kd2 Qd4+ 34. Bd3 Bb5 35. Qc7+ Ka6 36. Qc8+ Ka5 37. Qc3+ Qxc3+ 38. Kxc3 Nd7 39.
Bxb5 Kxb5 40. Rxb2+ Kc6 41. Bg5 Nc5 42. Rb1 Ne4+ 43. Kd3 Kb7 44. h5 Rc8 45. h6
Rc3+ 46. Kd4 Rh3 47. Rb3 Rh5 48. Rd3 Rh2 49. c4 Nc5 50. Rd1 Ne4 51. Rd3 Nc5 52.
Rd1 Kc6 53. cxd5+ exd5 54. e6 Nxe6+ 55. Ke5 Nc5 56. Kf6 Kd6 57. Kg7 Ne6+ 58.
Kg8 Rg2 59. h7 Nxg5 60. h8=Q Ne6+ 61. Kf7 Re2 62. Qb8+ Kc6 63. Qc8+ Kd6 64.
Qb8+ Kc6 65. Qa8+ 1-0

[Event "Championnat de France des Jeunes - Cadet"]
[Site "MONTLUCON"]
[Date "2011.04.23"]
[Round "8.4"]
[White "Ternault, Mathieu"]
[Black "Youssoupov, Moisse"]
[Result "1-0"]
[WhiteElo "2085"]
[BlackElo "2146"]
[PlyCount "51"]

1. d4 Nf6 2. c4 c5 3. d5 e6 4. Nc3 exd5 5. cxd5 d6 6. Nf3 g6 7. Bg5 h6 8. Bh4
g5 9. Bg3 Nh5 10. e3 Nxg3 11. hxg3 a6 12. a4 Bg7 13. Nd2 Bf5 14. Nc4 Qc7 15. g4
Bg6 16. Bd3 Bxd3 17. Qxd3 Nd7 18. Ne4 Ne5 19. Nexd6+ Kf8 20. Qf5 Nxc4 21. Nxc4
Re8 22. O-O b5 23. axb5 axb5 24. d6 Qd8 25. Ra7 Bf6 26. Rd7 1-0

[Event "Championnat de France des Jeunes - Cadet"]
[Site "MONTLUCON"]
[Date "2011.04.23"]
[Round "8.5"]
[White "Duboue, Peio"]
[Black "Meley, Hector"]
[Result "1-0"]
[WhiteElo "2094"]
[BlackElo "2008"]
[PlyCount "75"]

1. e4 c5 2. Nf3 g6 3. d4 cxd4 4. Nxd4 Nc6 5. Nc3 Bg7 6. Be3 Nf6 7. f3 O-O 8.
Qd2 d5 9. Nxc6 bxc6 10. Rd1 Rb8 11. b3 Qa5 12. exd5 Rd8 13. Bd3 cxd5 14. Na4
Qc7 15. O-O d4 16. Bf2 Nd5 17. Bc4 Bb7 18. Bxd4 Nf4 19. Qf2 Bxf3 20. Qxf3 Rxd4
21. Rxd4 Bxd4+ 22. Kh1 e5 23. c3 Bb6 24. g3 Ne6 25. Bxe6 fxe6 26. Nxb6 axb6 27.
c4 Qd6 28. Qf7+ Kh8 29. Qf6+ Kg8 30. Re1 Qc6+ 31. Kg1 Rf8 32. Qxe5 Qf3 33.
Qxe6+ Rf7 34. Qe2 Qc3 35. Qe8+ Rf8 36. Qe6+ Rf7 37. Rf1 Qd4+ 38. Kh1 1-0

[Event "Championnat de France des Jeunes - Cadet"]
[Site "MONTLUCON"]
[Date "2011.04.23"]
[Round "8.6"]
[White "Dionisi, Thomas"]
[Black "Durand, Victor"]
[Result "1-0"]
[WhiteElo "2183"]
[BlackElo "2002"]
[PlyCount "83"]

1. e4 e5 2. Nf3 Nc6 3. Bb5 a6 4. Bxc6 dxc6 5. O-O Bd6 6. d4 exd4 7. Qxd4 f6 8.
Be3 Ne7 9. Nbd2 Be6 10. Nb3 b6 11. Qd2 Qd7 12. Bf4 Ng6 13. Bxd6 cxd6 14. Rad1
O-O-O 15. Nbd4 Rhe8 16. Qc3 Kb7 17. Rfe1 c5 18. Nxe6 Qxe6 19. b4 Nf4 20. h3 Qf7
21. Qd2 Ng6 22. bxc5 dxc5 23. Qxd8 Rxd8 24. Rxd8 Qxa2 25. Rd7+ Kc6 26. Rxg7
Qxc2 27. Rxh7 Nf4 28. Rh6 Kb5 29. Rxf6 Nd3 30. Rf1 Qb2 31. Rf7 Qa2 32. Ra7 a5
33. h4 Nf4 34. g3 Ne2+ 35. Kg2 Qe6 36. Ng5 Qg4 37. Rb1+ Kc6 38. Ra6 Nc3 39.
Rbxb6+ Kc7 40. Ne6+ Kc8 41. Ra8+ Kd7 42. Ra7+ 1-0

[Event "Championnat de France des Jeunes - Cadet"]
[Site "MONTLUCON"]
[Date "2011.04.23"]
[Round "8.7"]
[White "Ollier, Milan"]
[Black "Sanvoisin, Corentin"]
[Result "1-0"]
[WhiteElo "2138"]
[BlackElo "1947"]
[PlyCount "77"]

1. e4 c5 2. Nf3 d6 3. Bb5+ Nd7 4. d4 Ngf6 5. Nc3 cxd4 6. Qxd4 e5 7. Qd3 h6 8.
O-O Be7 9. Be3 a6 10. Bxd7+ Bxd7 11. a4 Be6 12. a5 Qc8 13. Rfd1 Bc4 14. Qd2 Qc6
15. b3 Be6 16. Qd3 Rc8 17. Bd2 O-O 18. Rac1 Bd8 19. Ra1 Nd7 20. Be1 Be7 21.
Rac1 Kh8 22. h3 f5 23. exf5 Bxf5 24. Qe2 Bxh3 25. Nd5 Bd8 26. gxh3 Nf6 27. c4
Nxd5 28. Rxd5 Qxd5 29. cxd5 Rxc1 30. Kg2 Rf6 31. Qd2 Rc7 32. Qd3 Rcf7 33. Nh2
Rf4 34. f3 Bg5 35. h4 Be7 36. Bg3 Rd4 37. Qg6 Rf8 38. Qe6 Bf6 39. Ng4 1-0

[Event "Championnat de France des Jeunes - Cadet"]
[Site "MONTLUCON"]
[Date "2011.04.23"]
[Round "8.8"]
[White "Muheim, Sebastien"]
[Black "Tournier, Timothee"]
[Result "1/2-1/2"]
[WhiteElo "2101"]
[BlackElo "1937"]
[PlyCount "53"]

1. d4 Nf6 2. c4 g6 3. f3 Bg7 4. e4 d6 5. Nc3 O-O 6. Nge2 Nc6 7. Be3 a6 8. Qd2
Rb8 9. Nc1 e5 10. d5 Nd4 11. Nb3 Nxb3 12. axb3 c5 13. Be2 a5 14. g4 Ne8 15. h4
f5 16. gxf5 gxf5 17. Bg5 Qb6 18. h5 f4 19. Bh4 Bd7 20. Na4 Qc7 21. Nc3 Kh8 22.
Kd1 b6 23. Kc2 Bf6 24. Bf2 Qd8 25. Rag1 Nc7 26. Qe1 Qe7 27. Rg2 1/2-1/2

[Event "Championnat de France des Jeunes - Cadet"]
[Site "MONTLUCON"]
[Date "2011.04.23"]
[Round "8.10"]
[White "Cayla, Jonathan"]
[Black "Naudion, Gregoire"]
[Result "1-0"]
[WhiteElo "1991"]
[BlackElo "2053"]
[Annotator "Rivier,Sylvain"]
[PlyCount "32"]

1. d4 g6 2. Bg5 Bg7 3. e3 d6 4. Bc4 Nf6 5. Nc3 O-O 6. Nf3 Nbd7 7. Be2 c5 8. O-O
a6 9. Rb1 h6 10. Bh4 cxd4 11. Nxd4 Nc5 12. Bf3 Ne6 13. Nxe6 Bxe6 14. Bxb7 Bc4
15. Bxa8 Bxf1 16. Bb7 Bc4 {suite illisible} 1-0

[Event "Championnat de France des Jeunes - Cadet"]
[Site "MONTLUCON"]
[Date "2011.04.24"]
[Round "9.1"]
[White "Duboue, Peio"]
[Black "Di Nicolantonio, Lucas"]
[Result "1/2-1/2"]
[WhiteElo "2094"]
[BlackElo "2273"]
[PlyCount "36"]

1. e4 c5 2. Nf3 e6 3. d4 cxd4 4. Nxd4 a6 5. Bd3 Bc5 6. Nb3 Ba7 7. O-O Nc6 8.
Qe2 d6 9. Be3 Nf6 10. Bxa7 Rxa7 11. N1d2 O-O 12. Rad1 e5 13. Nc4 Be6 14. Ne3 b5
15. c4 Nb4 16. Bb1 Nc6 17. Bd3 Nb4 18. Bb1 Qb8 1/2-1/2

[Event "Championnat de France des Jeunes - Cadet"]
[Site "MONTLUCON"]
[Date "2011.04.24"]
[Round "9.2"]
[White "Lagarde, Maxime"]
[Black "Pilte, Nicolas"]
[Result "1-0"]
[WhiteElo "2441"]
[BlackElo "2100"]
[Annotator "Rivier,Sylvain"]
[PlyCount "56"]

1. c4 Nf6 2. Nc3 g6 3. e4 d6 4. d4 Bg7 5. f3 O-O 6. Bg5 c5 7. d5 e6 8. Qd2 exd5
9. cxd5 h6 10. Be3 h5 11. Nge2 a6 12. a4 Nbd7 13. Nc1 Ne5 14. Be2 h4 15. g4 h3
16. Rg1 Nh7 17. f4 Nd7 18. Nd3 f5 19. gxf5 gxf5 20. e5 c4 21. Nf2 dxe5 22. d6
Kh8 23. Nd5 Rf6 24. Nxf6 Qxf6 25. Bxc4 Rb8 26. Qd5 Qf8 27. Qf7 a5 28. Qxf8+
Nhxf8 {suite illisible} 1-0

[Event "Championnat de France des Jeunes - Cadet"]
[Site "MONTLUCON"]
[Date "2011.04.24"]
[Round "9.3"]
[White "Song, Julien"]
[Black "Ternault, Mathieu"]
[Result "1/2-1/2"]
[WhiteElo "2368"]
[BlackElo "2085"]
[PlyCount "101"]

1. Nf3 d5 2. b3 Nf6 3. Bb2 c6 4. e3 Bg4 5. h3 Bxf3 6. Qxf3 Nbd7 7. c4 e6 8. Qd1
Bd6 9. Be2 O-O 10. O-O Qe7 11. Nc3 Rfd8 12. d4 Rac8 13. Rc1 Ne4 14. Nxe4 dxe4
15. Qc2 Nf6 16. Rfd1 Bb8 17. Bf1 h5 18. h4 Ng4 19. g3 f5 20. Bg2 g5 21. hxg5
Qxg5 22. Qe2 h4 23. gxh4 Qxh4 24. d5 cxd5 25. cxd5 Rxc1 26. Rxc1 Rxd5 27. Rc8+
Kf7 28. Bd4 Bh2+ 29. Kf1 e5 30. Rc5 Rxc5 31. Bxc5 b6 32. Bb4 Kg6 33. Be1 Qg5
34. Qc4 Nf6 35. Bc3 Qg4 36. Qe2 Qxe2+ 37. Kxe2 Nd5 38. Bd2 Kf6 39. Bh1 Ke6 40.
Kf1 Nf6 41. Bg2 Nh7 42. Bh3 Ng5 43. Kg2 Bg1 44. Be1 Kf6 45. a4 a5 46. Bxf5 Bxf2
47. Kxf2 Kxf5 48. b4 axb4 49. Bxb4 Nf7 50. a5 bxa5 51. Bxa5 1/2-1/2

[Event "Championnat de France des Jeunes - Cadet"]
[Site "MONTLUCON"]
[Date "2011.04.24"]
[Round "9.4"]
[White "Brunier, Jules"]
[Black "Dionisi, Thomas"]
[Result "0-1"]
[WhiteElo "2034"]
[BlackElo "2183"]
[PlyCount "60"]

1. e4 e5 2. Nf3 f5 3. d4 fxe4 4. Nxe5 Nf6 5. Be2 d6 6. Nc4 d5 7. Ne5 Bd6 8. c4
Nc6 9. Nc3 Nxe5 10. dxe5 Bxe5 11. Nxd5 Nxd5 12. cxd5 O-O 13. O-O Qh4 14. g3 Qf6
15. Kg2 Bxb2 16. Bxb2 Qxb2 17. Rc1 Qe5 18. Qb3 Kh8 19. Qc4 Bf5 20. Rfd1 Rf7 21.
Qb4 Raf8 22. Qc5 b6 23. Qa3 h5 24. Rf1 Rf6 25. Qxa7 Qxd5 26. Qxc7 Qe6 27. Kh1
Bh3 28. Rg1 Rxf2 29. Bxh5 e3 30. Qb7 Qxa2 0-1